| 000 | 00327nam a22001217a 4500 | ||
|---|---|---|---|
| 008 | 160512b xxu||||| |||| 00| 0 eng d | ||
| 020 | _a812030960 | ||
| 082 | _a658.159 SHA | ||
| 100 | _aSHAPIRO ALAN C. | ||
| 245 | _aMULTINATIONAL FINANCIAL MANAGEMENT. | ||
| 250 | _a4 TH ED | ||
| 260 |
_aNEW DELHI; _bPRENTICE HALL OF INDIA, _c2002. |
||
| 999 |
_c4176 _d4176 |
||